000 00342nam a2200157Ia 4500
100 _aMoorthi/V.R
650 _aPower electronics
942 _cBK
366 _f20
245 _aPower Electronics:Devices
260 _bOxford university press
_c2005
082 _a621.317
_bMOO
300 _a1013
546 _aENGLISH
_cTTL
999 _c19347
_d19347